Central Library OPAC University of Rajshahi

Genetic research : (Record no. 70148)

MARC details
000 -LEADER
fixed length control field 00615nam a2200217 a 4500
001 - CONTROL NUMBER
control field 70148
003 - CONTROL NUMBER IDENTIFIER
rucl marc code BD-RjUL
005 - DATE AND TIME OF LATEST TRANSACTION
control field 20211209081953.0
008 - FIXED-LENGTH DATA ELEMENTS--GENERAL INFORMATION
fixed length control field 170416s1961 sw a 001 0 und d
035 ## - SYSTEM CONTROL NUMBER
System control number (BD-RjUL)70360
040 ## - CATALOGING SOURCE
Original cataloging agency EQO
Transcribing agency EQO
Language of cataloging eng
Modifying agency BD-RjUL
041 ## - LANGUAGE CODE
Language code of text/sound track or separate title eng
082 ## - DEWEY DECIMAL CLASSIFICATION NUMBER
Edition number 23
Classification number 576.5
Author mark and year MUG 1961
100 1# - MAIN ENTRY--PERSONAL NAME
Personal name Müntzing, Arne.
9 (RLIN) 207756
245 10 - TITLE STATEMENT
Title Genetic research :
Remainder of title a survey of methods and main results /
Statement of responsibility, etc. by Arne Muntzing.
260 ## - PUBLICATION, DISTRIBUTION, ETC. (IMPRINT)
Place of publication, distribution, etc. Stocholm :
Name of publisher, distributor, etc. LTs Forlag,
Date of publication, distribution, etc. c1961.
300 ## - PHYSICAL DESCRIPTION
Pagination 343 p. :
Illustrations ill. ;
Size 23 cm.
500 ## - GENERAL NOTE
General note Includes index.
650 ## - SUBJECT ADDED ENTRY--TOPICAL TERM
Topical term or geographic name as entry element Genetics.
9 (RLIN) 207757
942 ## - ADDED ENTRY ELEMENTS (KOHA)
Source of classification or shelving scheme Dewey Decimal Classification
Koha item type Books
Holdings
Lost status Source of classification or shelving scheme Damaged status Not for loan Collection code Permanent Location Current Location Shelving location Date acquired Source of acquisition Cost, normal purchase price Total Checkouts Full call number Date last seen Copy number Koha item type
  Dewey Decimal Classification   Not For Loan Non-fiction Central Library, University of Rajshahi Central Library, University of Rajshahi Reading Room 16/04/2017 M.A. Hossain Lect. in Zology, R. U. 28.00   576.5 MUG 1961 16/04/2017 C-1 Books